LEADER 01029nam a2200265 i 4500 001 991001264089707536 005 20020507190240.0 008 980930s1996 it ||| | ita 035 $ab10823360-39ule_inst 035 $aLE01309556$9ExL 040 $aDip.to Matematica$beng 084 $aAMS 60G20 084 $aAMS 62G99 100 1 $aMorleo, Cinzia$0536555 245 13$aIl processo di Dirichlet. Tesi di laurea /$claureanda Cinzia Morleo ; relat. Carlo Sempi 260 $aLecce :$bUniversità degli studi. Facoltà di Scienze. Corso di laurea in Matematica,$ca.a. 1996-97 650 4$aGeneralized stochastic processes 650 4$aNonparametric inference 700 1 $aSempi, Carlo 907 $a.b10823360$b02-04-14$c28-06-02 912 $a991001264089707536 945 $aLE013 TES 1996/97 MOR1$g1$i2013000109787$lle013$o-$pE0.00$q-$rl$s- $t0$u0$v0$w0$x0$y.i10930838$z28-06-02 996 $aProcesso di Dirichlet. Tesi di laurea$9924216 997 $aUNISALENTO 998 $ale013$b01-01-98$cm$da $e-$fita$git $h3$i1 LEADER 00975nam a2200253 i 4500 001 991003764129707536 005 20020506104511.0 008 010315s1976 be ||| | ita 035 $ab10552200-39ule_inst 035 $aEXGIL126595$9ExL 040 $aBiblioteca Interfacoltà$bita 082 0 $a330.9493 100 1 $aCoppieters, E.$0470041 245 12$aL'organizzazione dell'economia in Belgio /$cE. Coppieters 260 $aBruxelles :$bMinistero degli affari esteri, del commercio con l'estero e della cooperazione allo sviluppo,$c1976 300 $a28 p. ;$c21 cm. 490 0 $aInformazioni belghe ;$v3 651 4$aBelgio$xEconomia 907 $a.b10552200$b23-02-17$c27-06-02 912 $a991003764129707536 945 $aLE002 Busta 53 8$g1$i2002000764683$lle002$o-$pE0.00$q-$rl$s- $t0$u0$v0$w0$x0$y.i1063440x$z27-06-02 996 $aOrganizzazione dell'economia in Belgio$9216494 997 $aUNISALENTO 998 $ale002$b01-01-01$cm$da $e-$fita$gbe $h2$i1 LEADER 00839nam a2200253 i 4500 001 991002168609707536 005 20020508191628.0 008 010704s1980 it ||| | ita 035 $ab10969317-39ule_inst 035 $aPARLA156562$9ExL 040 $aDip.to Filosofia$bita 082 0 $a111.6 100 1 $aZellini, Paolo$055298 245 10$aBreve storia dell'infinito /$cPaolo Zellini 260 $aMilano :$bAdelphi,$c1980 300 $a257 p. ;$c22 cm. 490 0 $aSaggi [Adelphi] ;$v18 650 4$aInfinito 907 $a.b10969317$b23-02-17$c28-06-02 912 $a991002168609707536 945 $aLE005IF XLI A 1$g1$iLE005IFA-14239$lle005$o-$pE0.00$q-$rl$s- $t0$u0$v0$w0$x0$y.i11079770$z28-06-02 996 $aBreve storia dell'infinito$9346912 997 $aUNISALENTO 998 $ale005$b01-01-01$cm$da $e-$fita$git $h0$i1